Age, ethnicity and equalities: synthesising policy and practice messages from two recent studies of elder abuse in the U (Record no. 86412)

000 -LEADER
fixed length control field 00519pab a2200181 454500
008 - FIXED-LENGTH DATA ELEMENTS--GENERAL INFORMATION
fixed length control field 180718b2010 xxu||||| |||| 00| 0 eng d
100 ## - MAIN ENTRY--PERSONAL NAME
Personal name Manthorpe, Jill
245 ## - TITLE STATEMENT
Title Age, ethnicity and equalities: synthesising policy and practice messages from two recent studies of elder abuse in the U
260 ## - PUBLICATION, DISTRIBUTION, ETC.
Date of publication, distribution, etc. 2010
300 ## - PHYSICAL DESCRIPTION
Extent p.255-65.
362 ## - DATES OF PUBLICATION AND/OR SEQUENTIAL DESIGNATION
Dates of publication and/or sequential designation Apr
650 ## - SUBJECT ADDED ENTRY--TOPICAL TERM
Topical term or geographic name entry element Elderly - Great Britain
650 ## - SUBJECT ADDED ENTRY--TOPICAL TERM
Topical term or geographic name entry element Elderly
700 ## - ADDED ENTRY--PERSONAL NAME
Personal name Bowes, Alison
773 ## - HOST ITEM ENTRY
Main entry heading Social Policy and Society
908 ## - PUT COMMAND PARAMETER (RLIN)
Put command parameter N
909 ## -
-- 86412
Holdings
Withdrawn status Lost status Damaged status Not for loan Permanent Location Current Location Date acquired Serial Enumeration / chronology Barcode Date last seen Price effective from Koha item type
        Indian Institute of Public Administration Indian Institute of Public Administration 2018-07-19 Volume no: 9, Issue no: 2 AR86872 2018-07-19 2018-07-19 Articles

Powered by Koha